| 000 | 00447cam a22001217a 4500 | ||
|---|---|---|---|
| 008 | 180718b-- xxu||||| |||| 00| 0 eng d | ||
| 082 | _aL906x5453 E | ||
| 245 |
_aEpitome of CAG's reports on the government of Kerala _cby Accountant General (Audit), Kerala |
||
| 260 |
_aThiruvananthapuram _bAccountant General (Audit) _c-- |
||
| 500 | _aLibrary has 2000/01-2002/03 | ||
| 650 | _aAuditing - India - Kerala | ||
| 700 | _aKerala. Accountant General (Audit) | ||
| 999 |
_c484991 _d484991 |
||